000
00341nam a2200145Ia 4500
008
150201s2010 xx 000 0 und d
082
_a
616.01
_b
M10I
100
_a
ICHHPUJANI , R.L.
245
_a
MICROBIOLOGY FOR NURSES
250
_a
2ND
260
_b
JAYPEE
_a
DELHI
_c
2010
300
_a
222
650
_a
MICROBIOLOGY
942
_2
ddc
_c
BK
_0
3
999
_c
2070
_d
2070